Les films récompensés par le prix Louis-Delluc - Statistiques

Statistiques générales
  • Ce quiz a été pris 18 fois
  • Le résultat moyen est 47 sur 109
Statistiques - réponses
Année Film Réalisateur % Correct
1946 La {Belle} et la Bête Jean Cocteau
100%
1983 A nos {amours} Maurice Pialat
93%
1987 Au revoir les {enfants} Louis Malle
93%
2013 La vie d'{Adèle} Abdellatif Kechiche
93%
1979 Le Roi et l'{Oiseau} Paul Grimaut
93%
1961 Un coeur gros comme {ça} François Reichenbach
93%
1957 Ascenseur pour l'{échafaud} Louis Malle
86%
1950 Le journal d'un curé de {campagne} Robert Bresson
86%
2012 Les Adieux à la {reine} Benoit Jacquot
86%
1969 Les {choses} de la vie Claude Sautet
86%
1963 Les {parapluies} de Cherbourg Jacques Demy
86%
1953 Les vacances de Monsieur {Hulot} Jacques Tati
86%
1997 On connait la {chanson} Alain Resnais
86%
1968 Baisers {volés} François Truffaut
79%
1975 Cousin, {cousine} Jean-Charles Tacchella
79%
1977 Diabolo {menthe} Diane Kurys
79%
2002 Etre et {avoir} Nicolas Philibert
79%
1970 Le genou de {Claire} Eric Rohmer
79%
1938 Le quai des {brumes} Marcel Carné
79%
2000 Merci pour le {chocolat} Claude Chabrol
79%
2007 La Graine et le {Mulet} Abdellatif Kechiche
71%
2004 Premier film Quand la mer {monte}... Yolande Moreau / Gilles Porte
71%
2004 Rois et {Reines} Arnaud Desplechin
71%
1991 Tous les matins du {monde} Alain Corneau
71%
2006 Lady {Chatterley} Pascale Ferrari
64%
2008 La {vie} moderne Raymond Depardon
64%
1992 Le petit {prince} a dit Christine Pascal
64%
2018 Premier film Les garçons {sauvages} Bertrand Mandico
64%
1994 Les roseaux {sauvages} André Téchiné
64%
1973 L'horloger de {Saint-Paul} Bertrand Tavernier
64%
1995 Nelly et Monsieur {Arnaud} Claude Sautet
64%
2014 Sils {Maria} Olivier Assayas
64%
1993 {Smoking} / No Smoking Alain Resnais
64%
1996 Y aura-t-il de la {neige} à Noël ? Sandrine Veysset
64%
2019 {Jeanne} Bruno Dumont
57%
2018 Premier film Jusqu'à la {garde} Xavier Legrand
57%
1984 La diagonale du {fou} Richard Dembo
57%
1978 L'argent des {autres} Christian de Chalonge
57%
2009 Un {prophète} Jacques Audiard
57%
1999 Adieu, {plancher} des vaches ! Otar Iosseliani
50%
2005 Premier film Douches {froides} Antony Cordier
50%
1972 Etat de {siège} Costa-Gavras
50%
1966 La guerre est {finie} Alain Resnais
50%
1956 Le ballon {rouge} Albert Lamorisse
50%
1954 Les {Diaboliques} Henri-Georges Clouzot
50%
1997 {Marius} et Jeannette Robert Guédiguian
50%
1986 Mauvais {Sang} Léos Carax
50%
2007 Premier film Naissance des {pieuvres} Céline Sciamma
50%
2000 Premier film Ressources {humaines} Laurent Cantet
50%
1987 Soigne ta {droite} Jean-Luc Godard
50%
1982 {Danton} Andrzej Wajda
43%
2017 Premier film {Grave} Julie Ducournau
43%
1965 La vie de {château} Jean-Paul Rappeneau
43%
1990 Le mari de la {coiffeuse} Patrice Leconte
43%
2021 Onoda, 10000 nuits dans la {jungle} Arthur Harari
43%
2018 Plaire, {aimer} et courir vite Christophe Honoré
43%
2003 Premier film Il est plus facile pour un {chameau}... Valeria Bruni-Tedeschi
36%
2011 Le {Havre} Aki Kaurismaki
36%
2005 Les amants {réguliers} Philippe Garrel
36%
2014 Premier film Les {Combattants} Thomas Cailley
36%
1958 Moi un {noir} Jean Rouch
36%
1981 Une étrange {affaire} Pierre Granier-Deferre
36%
1989 Un monde sans {pitié} Eric Rochant
36%
2015 {Fatima} Philippe Faucon
29%
1974 La {Gifle} Claude Pinoteau
29%
1964 Le {Bonheur} Agnès Varda
29%
1985 L'{Effrontée} Claude Miller
29%
1976 Le juge Fayard dit le {Shériff} Yves Boisset
29%
1998 L'{Ennui} Cédric Kahn
29%
1990 Le petit {criminel} Jacques Doillon
29%
1959 On n'enterre pas le {dimanche} Michel Drach
29%
2016 {Une} vie Stéphane Brizé
29%
2002 Premier film Wesh wesh, qu'est-ce qui {se passe} ? Rabah Ameur-Zaïmeche
29%
2020 {Adolescentes} Sébastien Lifshitz}
21%
2017 {Barbara} Mathieu Amalric
21%
2010 Premier film Belle {épine} Rebecca Zlotowski
21%
2001 {Intimité} Patrice Chéreau
21%
1955 Les Grandes {Manoeuvres} René Clair
21%
2003 Les {Sentiments} Noémie Lvovsky
21%
2011 Premier film {Donoma} Djinn Carrenard
14%
1945 Espoir, {sierra} de Teruel André Malraux
14%
2015 Premier film Le Grand {Jeu} Nicolas Pariser
14%
1952 Le rideau {cramoisi} Alexandre Astruc
14%
1936 Les {Bas-Fonds} Jean Renoir
14%
1962 Le {Soupirant} Pierre Etaix
14%
1962 L'{Immortelle} Alain Robbe-Grillet
14%
2012 Premier film Louise {Wimmer} Cyril Menneguin
14%
2010 Mystères de {Lisbonne} Raoul Ruiz
14%
2009 Premier film Qu'un seul tienne et les autres {suivront} Léa Fehner
14%
1971 Rendez-vous à {Bray} André Delvaux
14%
1949 Rendez-vous de {juillet} Jacques Becker
14%
2001 Premier film {Toutes} les nuits Eugène Green
14%
2007 Premier film Tout est {pardonné} Mia Hansen-Love
14%
2003 Trilogie : Un couple {épatant} / Cavale / Après la vie Lucas Belvaux
14%
1960 Une aussi longue {absence} Henri Colpi
14%
1980 Un étrange {voyage} Alain Cavalier
14%
2019 Premier film {Vif}-argent Stéphane Batut
14%
1967 {Benjamin} Michel Deville
7%
2016 Premier film Gorge coeur {ventre} Maud Alpi
7%
2020 Premier film {Josep} Aurel
7%
1988 La {Lectrice} Michel Deville
7%
2008 Premier film L'{Apprenti} Samuel Collardey
7%
2006 Premier film Le {Pressentiment} Jean-Pierre Darroussin
7%
1938 Le {Puritain} Jeff Musso
7%
1948 Les {Casse-pieds} Jean Dréville
7%
1947 Paris {1900} Nicole Védrès
7%
2013 Premier film {Vandal} Hélier Cisterne
7%
2021 Premier film Vers la {bataille} Aurélien Vernhes-Lermusiaux
7%
1999 Premier film {Voyages} Emmanuel Finkiel
7%
Aucun quiz correspondant
Distribution des résultats
% des personnes avec chaque résultat
Percentile par nombre de réponses
Votre historique - résultats
Vous n’avez pas pris ce quiz